000 00815nam a2200265 i 4500
003 DO-SdBNP
005 20240813125712.0
007 ta
008 240813b2024 dr abc|| |||| 00| 0 spa d
020 _a9789945937794
040 _aDO-SdBNP
_bspa
_cBNPHU
_erda
082 4 _bR467v
_222
100 1 _aRezende, Maria Valería
_eautor
_91469
245 1 0 _aVasto Mundo :
_bla voz del suelo /
_cMaria Valería Rezende ; traducido por Rafael Climent-Espino
264 _aSanto Domingo :
_bEdiciones UME,
_c2024
300 _a198 páginas ;
_c24 cm.
336 _2rdacontent
_atexto
_btxt
337 _2rdamedia
_asin mediaciónn
_bn
338 _2rdacarrier
_avolumen
_bnc
490 _aWao
590 _aInventariado, 2024/DG
700 _aCliment-Espino, Rafael
_etraducción
_986326
910 _aDG
942 _2ddc
_cLBS1
999 _c57428
_d57428